000 01167nam a2200277 a 4500
001 BRCA_1151
005 20190320203313.0
008 920430s1991 mx-a---##b---#000-0#spa-#
020 _a9686258205
040 _aDLC
_cDLC
_dDLC
050 4 _aNA5060
_b.J83 1991
100 1 _aJuárez Frías, Fernando
_93797
245 1 0 _aRetablos populares mexicanos
_biconografía religiosa del siglo XIX
_cFernando Juárez Frías ; prólogo, Guillermo Tovar de Teresa ; apéndices, Jesús López de Lara, José María Valera de la Torre.
260 _aMéxico
_bInversora Bursatil, Casa de Bolsa
_c1991
300 _a203 p.
_bil. a color
_c30 cm.
504 _aBibliografía: p. 203
600 1 4 _aJuárez Frías, Fernando
_xColecciones de arte
_93798
650 1 4 _aPintura mexicana
_xCatálogos
_93239
650 1 4 _aArte cristiano y simbolismo
_xCatálogos
_zMéxico
_93799
650 1 4 _aArte popular
_xHistoria
_ySiglo XIX
_zMéxico
_92454
650 1 4 _aPintura
_xColecciones privadas
_zMéxico
_93602
700 1 _aTovar de Teresa, Guillermo
_epról
_93098
700 1 _aLópez de Lara, Jesús
_eapend
_93800
700 1 _aValera de la Torre, José María
_eapend
_93801
942 _2lcc
_cB
999 _c1028
_d1028